Our town : (Record no. 7866)

MARC details
000 -LEADER
fixed length control field 01260nam a22002897a 4500
001 - CONTROL NUMBER
control field 7866
003 - CONTROL NUMBER IDENTIFIER
control field FISKH
005 - DATE AND TIME OF LATEST TRANSACTION
control field 20250812114150.0
008 - FIXED-LENGTH DATA ELEMENTS--GENERAL INFORMATION
fixed length control field 250812b cb ||||| |||| 00| 0 eng d
020 ## - INTERNATIONAL STANDARD BOOK NUMBER
International Standard Book Number 9780590436908
040 ## - CATALOGING SOURCE
Original cataloging agency FISKH
Language of cataloging eng
Transcribing agency FISKH
Modifying agency FISKH
050 ## - LIBRARY OF CONGRESS CALL NUMBER
Classification number PS3545.I345 O9
082 ## - DEWEY DECIMAL CLASSIFICATION NUMBER
Classification number 812.52
100 ## - MAIN ENTRY--PERSONAL NAME
Personal name Wilder, Thornton
Dates associated with a name (1897–1975)
245 ## - TITLE STATEMENT
Title Our town :
Remainder of title A play in three acts /
Statement of responsibility, etc. Thornton Wilder
250 ## - EDITION STATEMENT
Edition statement This edition first published in 1990
260 ## - PUBLICATION, DISTRIBUTION, ETC.
Place of publication, distribution, etc. New York :
Name of publisher, distributor, etc. Scholastic,
Date of publication, distribution, etc. 1957
300 ## - PHYSICAL DESCRIPTION
Extent 103 pages :
Dimensions 18 cm
505 ## - FORMATTED CONTENTS NOTE
Formatted contents note R<br/>
520 ## - SUMMARY, ETC.
Summary, etc. This beautiful new edition features an eye-opening Afterword written by Tappan Wilder that includes Thornton Wilder's unpublished notes and other illuminating photographs and documentary material. Our Town was first produced and published in 1938 to wide acclaim. This Pulitzer Prize-winning drama of life in the small village of Grover's Corners, an allegorical representation of all life, has become a classic. It is Thornton Wilder's most renowned and most frequently performed play.<br/>
521 8# - TARGET AUDIENCE NOTE
Target audience note 670<br/>
Source Lexile<br/>
521 8# - TARGET AUDIENCE NOTE
Target audience note R<br/>
Source Raz-Plus<br/>
650 ## - SUBJECT ADDED ENTRY--TOPICAL TERM
Source of heading or term Drama
Topical term or geographic name entry element American drama
650 ## - SUBJECT ADDED ENTRY--TOPICAL TERM
Source of heading or term New Hampshire
Topical term or geographic name entry element Theatre
942 ## - ADDED ENTRY ELEMENTS (KOHA)
Source of classification or shelving scheme Dewey Decimal Classification
Koha item type Books
Suppress in OPAC No
Holdings
Withdrawn status Lost status Source of classification or shelving scheme Damaged status Not for loan Collection Home library Current library Shelving location Date acquired Total Checkouts Full call number Barcode Date last seen Copy number Price effective from Koha item type
    Dewey Decimal Classification     Juvenile Fiction Footprints International School Library Network Toul Tom Poung Campus Footprints International School Library Network Toul Tom Poung Campus TTP Primary Orange Bookshelves 08/12/2025   WIL 812.52 PS3545.I345 O9 FISSE01379 08/12/2025 1 08/12/2025 Books